| 000 | 00715nam a2200241 a 4500 | ||
|---|---|---|---|
| 003 | CO-ViMGA | ||
| 005 | 20230915225024.0 | ||
| 008 | 131118s2012 ck a gr 00010 spa d | ||
| 020 | _z9789587584929 | ||
| 040 |
_aCO-ViMGA _bspa _cCO-ViMGA |
||
| 082 | 0 | 4 |
_a613 _bR64s1 _221 |
| 100 | 1 |
_aRojas, Santiago. _9277 |
|
| 245 | 1 | 0 |
_aSana mente : _bléalo por salud / |
| 260 |
_aBogotá : _bAguilar : _bCaracol S.A., _c2012. |
||
| 300 |
_a381 p. : _bil. ; _c24 cm. |
||
| 650 | 1 | 4 |
_aCuración por la fé. _9282 |
| 650 | 1 | 4 |
_aEspiritualidad. _9281 |
| 650 | 1 | 4 |
_aMente y cuerpo. _9280 |
| 650 | 1 | 4 |
_aPrevención de la salud. _9279 |
| 650 | 1 | 4 |
_aSalud. _9278 |
| 650 | 1 | 4 |
_aSanadores _v Entrevistas. _9283 |
| 942 |
_2ddc _cBK |
||
| 999 |
_c12016 _d12016 |
||